000 00675nam a22001937a 4500
005 20251108165244.0
008 250721s1994 xx 000 0 ara d
082 1 4 _a613.8/بكن
100 1 _aبكنل، باربرا كوتمان
245 1 0 _aدور الآباء في مساعدة أبنائهم على الشفاء من الإدمان /
264 1 _aالقاهرة :
_bالدار الدولية للنشر و التوزيع،
_c1994.
300 _a172ص
650 1 7 _aالمخدرات
650 1 7 _aالصحة
700 1 _aحليم، زكريا عبد العزيز
_eترجمة
700 1 _aموسى، سعاد
_eترجمة
942 _2ddc
_cBK
999 _c23370
_d23370